[Event "ODJM B 2025"]
[Site "Willingen GER"]
[Date "2025.06.08"]
[Round "2"]
[White "Er, Sadik Bugra"]
[Black "Gretzinger, Maximilian"]
[Result "1/2-1/2"]
[Termination "normal"]
[Board "37"]
[WhiteElo "1728"]
[BlackElo "1710"]
[WhiteClock "00:20:54"]
[BlackClock "00:22:42"]
[PlyCount "48"]
[WhiteFideId "34660410"]
[BlackFideId "34694960"]
[EventCountry "GER"]
[EventRounds "9"]
[EventType "swiss"]
[EventDate "2025.06.07"]

1. d4 {[%clk 01:30:52]} {[%emt 00:00:07]} d5 {[%clk 01:30:58]} {[%emt
00:00:02]} 2. c4 {[%clk 01:31:16]} {[%emt 00:00:06]} c6 {[%clk 01:31:25]}
{[%emt 00:00:04]} 3. Nf3 {[%clk 01:31:08]} {[%emt 00:00:37]} Nf6 {[%clk
01:31:52]} {[%emt 00:00:03]} 4. g3 {[%clk 01:30:10]} {[%emt 00:01:28]} Bf5
{[%clk 01:25:57]} {[%emt 00:06:25]} 5. Bg2 {[%clk 01:29:09]} {[%emt 00:01:32]}
e6 {[%clk 01:26:16]} {[%emt 00:00:10]} 6. O-O {[%clk 01:28:27]} {[%emt
00:01:11]} Nbd7 {[%clk 01:25:35]} {[%emt 00:01:11]} 7. b3 {[%clk 01:21:07]}
{[%emt 00:07:51]} Bd6 {[%clk 01:23:46]} {[%emt 00:02:18]} 8. Bb2 {[%clk
01:21:30]} {[%emt 00:00:08]} O-O {[%clk 01:23:43]} {[%emt 00:00:33]} 9. Nbd2
{[%clk 01:16:50]} {[%emt 00:05:10]} Ne4 {[%clk 01:17:56]} {[%emt 00:06:18]} 10.
Nh4 {[%clk 01:12:52]} {[%emt 00:04:27]} Nxd2 {[%clk 01:07:15]} {[%emt
00:11:11]} 11. Qxd2 {[%clk 01:05:45]} {[%emt 00:07:37]} Qf6 {[%clk 01:03:46]}
{[%emt 00:03:59]} 12. Nxf5 {[%clk 01:00:34]} {[%emt 00:05:41]} Qxf5 {[%clk
01:01:43]} {[%emt 00:02:33]} 13. f3 {[%clk 00:54:40]} {[%emt 00:06:25]} dxc4
{[%clk 00:57:14]} {[%emt 00:04:58]} 14. bxc4 {[%clk 00:54:21]} {[%emt
00:00:50]} e5 {[%clk 00:55:18]} {[%emt 00:02:24]} 15. e4 {[%clk 00:54:15]}
{[%emt 00:00:37]} Qe6 {[%clk 00:52:31]} {[%emt 00:03:16]} 16. d5 {[%clk
00:52:44]} {[%emt 00:02:02]} Bc5+ {[%clk 00:50:15]} {[%emt 00:02:47]} 17. Kh1
{[%clk 00:51:17]} {[%emt 00:01:56]} cxd5 {[%clk 00:49:47]} {[%emt 00:00:58]}
18. cxd5 {[%clk 00:50:41]} {[%emt 00:01:06]} Qd6 {[%clk 00:48:04]} {[%emt
00:02:11]} 19. Qg5 {[%clk 00:44:08]} {[%emt 00:07:04]} f6 {[%clk 00:44:50]}
{[%emt 00:03:44]} 20. Qh5 {[%clk 00:38:24]} {[%emt 00:06:14]} Be3 {[%clk
00:36:32]} {[%emt 00:08:48]} 21. Rae1 {[%clk 00:27:45]} {[%emt 00:11:09]} Bd2
{[%clk 00:24:19]} {[%emt 00:12:42]} 22. Re2 {[%clk 00:21:49]} {[%emt 00:06:27]}
Qb4 {[%clk 00:24:11]} {[%emt 00:00:38]} 23. Rff2 {[%clk 00:21:35]} {[%emt
00:00:45]} Qxb2 {[%clk 00:22:30]} {[%emt 00:02:10]} 24. Rxd2 {[%clk 00:20:54]}
{[%emt 00:01:11]} Qc1+ {[%clk 00:22:42]} 1/2-1/2

[Event "ODJM B 2025"]
[Site "Willingen GER"]
[Date "2025.06.08"]
[Round "2"]
[White "Briese, Paul"]
[Black "Görlach, Hanna"]
[Result "1-0"]
[Termination "normal"]
[Board "38"]
[WhiteElo "1665"]
[BlackElo "1511"]
[WhiteClock "00:27:58"]
[BlackClock "00:26:53"]
[PlyCount "115"]
[WhiteFideId "16273826"]
[BlackFideId "34675604"]
[EventCountry "GER"]
[EventRounds "9"]
[EventType "swiss"]
[EventDate "2025.06.07"]

1. e4 {[%clk 01:30:59]} {[%emt 00:00:01]} c5 {[%clk 01:30:56]} {[%emt
00:00:04]} 2. Nf3 {[%clk 01:31:24]} {[%emt 00:00:05]} Nc6 {[%clk 01:31:22]}
{[%emt 00:00:04]} 3. d4 {[%clk 01:31:49]} {[%emt 00:00:05]} cxd4 {[%clk
01:31:48]} {[%emt 00:00:04]} 4. Nxd4 {[%clk 01:32:14]} {[%emt 00:00:06]} g6
{[%clk 01:32:07]} {[%emt 00:00:10]} 5. Nc3 {[%clk 01:32:23]} {[%emt 00:00:21]}
Bg7 {[%clk 01:32:31]} {[%emt 00:00:06]} 6. Be3 {[%clk 01:32:45]} {[%emt
00:00:07]} Nf6 {[%clk 01:32:48]} {[%emt 00:00:14]} 7. f3 {[%clk 01:33:09]}
{[%emt 00:00:07]} O-O {[%clk 01:20:55]} {[%emt 00:12:23]} 8. Qd2 {[%clk
01:32:14]} {[%emt 00:01:23]} d6 {[%clk 01:09:35]} {[%emt 00:11:52]} 9. O-O-O
{[%clk 01:30:40]} {[%emt 00:02:03]} Bd7 {[%clk 01:09:59]} {[%emt 00:00:06]} 10.
g4 {[%clk 01:30:24]} {[%emt 00:00:46]} Nxd4 {[%clk 01:09:17]} {[%emt 00:01:12]}
11. Bxd4 {[%clk 01:30:20]} {[%emt 00:00:33]} Bc6 {[%clk 01:05:16]} {[%emt
00:04:32]} 12. h4 {[%clk 01:28:16]} {[%emt 00:02:35]} Nd7 {[%clk 00:57:36]}
{[%emt 00:08:09]} 13. h5 {[%clk 01:20:13]} {[%emt 00:08:33]} Ne5 {[%clk
00:52:55]} {[%emt 00:05:11]} 14. Be2 {[%clk 01:15:00]} {[%emt 00:05:42]} Qd7
{[%clk 00:51:22]} {[%emt 00:02:03]} 15. Kb1 {[%clk 01:09:33]} {[%emt 00:05:57]}
b5 {[%clk 00:49:26]} {[%emt 00:02:27]} 16. Rdg1 {[%clk 00:57:54]} {[%emt
00:12:09]} Nc4 {[%clk 00:41:06]} {[%emt 00:08:50]} 17. Bxc4 {[%clk 00:57:01]}
{[%emt 00:01:22]} bxc4 {[%clk 00:41:32]} {[%emt 00:00:05]} 18. hxg6 {[%clk
00:56:20]} {[%emt 00:01:11]} fxg6 {[%clk 00:41:23]} {[%emt 00:00:39]} 19. Bxg7
{[%clk 00:55:36]} {[%emt 00:01:13]} Kxg7 {[%clk 00:41:49]} {[%emt 00:00:05]}
20. Qh6+ {[%clk 00:54:24]} {[%emt 00:01:41]} Kf7 {[%clk 00:41:36]} {[%emt
00:00:44]} 21. Qxh7+ {[%clk 00:54:33]} {[%emt 00:00:20]} Ke8 {[%clk 00:41:58]}
{[%emt 00:00:08]} 22. Qxg6+ {[%clk 00:54:21]} {[%emt 00:00:42]} Kd8 {[%clk
00:42:23]} {[%emt 00:00:06]} 23. Rh7 {[%clk 00:47:02]} {[%emt 00:07:48]} Rxf3
{[%clk 00:39:52]} {[%emt 00:03:00]} 24. Rh8+ {[%clk 00:46:38]} {[%emt
00:00:54]} Kc7 {[%clk 00:40:15]} {[%emt 00:00:08]} 25. Rxa8 {[%clk 00:46:48]}
{[%emt 00:00:20]} Bxa8 {[%clk 00:40:41]} {[%emt 00:00:04]} 26. Qg8 {[%clk
00:46:20]} {[%emt 00:00:57]} Qc6 {[%clk 00:37:16]} {[%emt 00:03:57]} 27. g5
{[%clk 00:45:05]} {[%emt 00:01:44]} Rxc3 {[%clk 00:36:57]} {[%emt 00:00:49]}
28. g6 {[%clk 00:37:30]} {[%emt 00:08:04]} Re3 {[%clk 00:35:10]} {[%emt
00:02:18]} 29. g7 {[%clk 00:33:53]} {[%emt 00:04:07]} Qxe4 {[%clk 00:35:35]}
{[%emt 00:00:05]} 30. a3 {[%clk 00:32:30]} {[%emt 00:01:54]} Bd5 {[%clk
00:33:59]} {[%emt 00:02:06]} 31. Qxd5 {[%clk 00:30:11]} {[%emt 00:02:49]} Qxd5
{[%clk 00:34:19]} {[%emt 00:00:09]} 32. g8=Q {[%emt 00:00:07]} Qxg8 {[%clk
00:34:40]} {[%emt 00:00:08]} 33. Rxg8 {[%clk 00:31:01]} {[%emt 00:00:04]} Re1+
{[%clk 00:34:15]} {[%emt 00:00:56]} 34. Ka2 {[%clk 00:31:24]} {[%emt 00:00:07]}
Re5 {[%clk 00:32:22]} {[%emt 00:02:23]} 35. b3 {[%clk 00:31:13]} {[%emt
00:00:41]} cxb3+ {[%clk 00:32:48]} {[%emt 00:00:04]} 36. Kxb3 {[%clk 00:31:30]}
{[%emt 00:00:13]} Rc5 {[%clk 00:29:28]} {[%emt 00:03:49]} 37. Ra8 {[%clk
00:31:15]} {[%emt 00:00:45]} Kb7 {[%clk 00:29:43]} {[%emt 00:00:16]} 38. Re8
{[%clk 00:31:27]} {[%emt 00:00:17]} Rc7 {[%clk 00:29:58]} {[%emt 00:00:15]} 39.
c4 {[%clk 00:31:30]} {[%emt 00:00:27]} Kc6 {[%clk 00:29:31]} {[%emt 00:00:57]}
40. Kb4 {[%clk 00:30:39]} {[%emt 00:01:22]} Kd7 {[%clk 00:28:55]} {[%emt
00:01:05]} 41. Rb8 {[%clk 00:30:30]} {[%emt 00:00:39]} e5 {[%clk 00:28:32]}
{[%emt 00:00:54]} 42. a4 {[%clk 00:30:01]} {[%emt 00:00:59]} e4 {[%clk
00:28:21]} {[%emt 00:00:40]} 43. Rh8 {[%clk 00:29:51]} {[%emt 00:00:40]} Kc6
{[%clk 00:26:53]} {[%emt 00:01:59]} 44. Re8 {[%clk 00:30:02]} {[%emt 00:00:18]}
d5 {[%clk 00:26:17]} {[%emt 00:01:06]} 45. Re6+ {[%clk 00:30:05]} {[%emt
00:00:27]} Kb7 {[%clk 00:25:24]} {[%emt 00:01:24]} 46. cxd5 {[%clk 00:28:22]}
{[%emt 00:02:13]} Kc8 {[%clk 00:25:10]} {[%emt 00:00:44]} 47. Rxe4 {[%clk
00:28:17]} {[%emt 00:00:34]} Kd7 {[%clk 00:25:11]} {[%emt 00:00:29]} 48. Re6
{[%clk 00:27:21]} {[%emt 00:01:25]} Rc1 {[%clk 00:24:35]} {[%emt 00:01:07]} 49.
Ra6 {[%clk 00:26:12]} {[%emt 00:01:38]} Rc7 {[%clk 00:24:34]} {[%emt 00:00:33]}
50. Rh6 {[%clk 00:26:19]} {[%emt 00:00:23]} Rb7+ {[%clk 00:24:25]} {[%emt
00:00:40]} 51. Ka5 {[%clk 00:26:29]} {[%emt 00:00:18]} Rc7 {[%clk 00:24:37]}
{[%emt 00:00:18]} 52. Rh7+ {[%clk 00:26:44]} {[%emt 00:00:15]} Kd6 {[%clk
00:24:47]} {[%emt 00:00:21]} 53. Rxc7 {[%clk 00:27:08]} {[%emt 00:00:05]} Kxc7
{[%clk 00:25:15]} {[%emt 00:00:02]} 54. Ka6 {[%clk 00:26:23]} {[%emt 00:01:15]}
Kd6 {[%clk 00:25:35]} {[%emt 00:00:10]} 55. Kxa7 {[%clk 00:26:48]} {[%emt
00:00:05]} Kxd5 {[%clk 00:26:03]} {[%emt 00:00:03]} 56. Kb6 {[%clk 00:27:08]}
{[%emt 00:00:09]} Kd6 {[%clk 00:26:26]} {[%emt 00:00:07]} 57. a5 {[%clk
00:27:33]} {[%emt 00:00:06]} Kd7 {[%clk 00:26:53]} {[%emt 00:00:03]} 58. Kb7
{[%clk 00:27:58]} {[%emt 00:00:05]} 1-0

[Event "ODJM B 2025"]
[Site "Willingen GER"]
[Date "2025.06.08"]
[Round "2"]
[White "Klemm, Julian"]
[Black "Schmidt, Marieke"]
[Result "1-0"]
[Termination "normal"]
[Board "40"]
[WhiteElo "1540"]
[BlackElo "1726"]
[WhiteClock "00:13:15"]
[BlackClock "00:00:32"]
[PlyCount "67"]
[WhiteFideId "533001901"]
[BlackFideId "533007497"]
[EventCountry "GER"]
[EventRounds "9"]
[EventType "swiss"]
[EventDate "2025.06.07"]

1. e4 {[%clk 01:30:39]} {[%emt 00:00:20]} d5 {[%clk 01:30:58]} {[%emt
00:00:03]} 2. exd5 {[%clk 01:30:39]} {[%emt 00:00:29]} Nf6 {[%clk 01:31:23]}
{[%emt 00:00:05]} 3. Bb5+ {[%clk 01:30:48]} {[%emt 00:00:21]} Bd7 {[%clk
01:29:58]} {[%emt 00:01:54]} 4. Be2 {[%clk 01:30:52]} {[%emt 00:00:26]} Nxd5
{[%clk 01:29:44]} {[%emt 00:00:45]} 5. d4 {[%clk 01:30:54]} {[%emt 00:00:27]}
Nb6 {[%clk 01:28:04]} {[%emt 00:02:11]} 6. Nf3 {[%clk 01:30:24]} {[%emt
00:00:59]} g6 {[%clk 01:27:33]} {[%emt 00:01:02]} 7. O-O {[%clk 01:29:32]}
{[%emt 00:01:21]} Bg7 {[%clk 01:27:57]} {[%emt 00:00:05]} 8. Be3 {[%clk
01:29:37]} {[%emt 00:00:26]} O-O {[%clk 01:27:08]} {[%emt 00:01:20]} 9. Qd2
{[%clk 01:28:09]} {[%emt 00:01:58]} Re8 {[%clk 01:25:10]} {[%emt 00:02:28]} 10.
Bh6 {[%clk 01:25:43]} {[%emt 00:02:55]} Bf5 {[%clk 01:09:39]} {[%emt 00:16:02]}
11. Bxg7 {[%clk 01:23:46]} {[%emt 00:02:27]} Kxg7 {[%clk 01:10:03]} {[%emt
00:00:05]} 12. c3 {[%clk 01:19:28]} {[%emt 00:04:49]} Nd5 {[%clk 01:02:24]}
{[%emt 00:08:10]} 13. Na3 {[%clk 01:15:11]} {[%emt 00:04:47]} Nc6 {[%clk
00:56:39]} {[%emt 00:06:15]} 14. Nc4 {[%clk 01:13:30]} {[%emt 00:02:09]} f6
{[%clk 00:48:09]} {[%emt 00:09:01]} 15. Rad1 {[%clk 01:07:57]} {[%emt
00:06:01]} Qd7 {[%clk 00:40:03]} {[%emt 00:08:37]} 16. Ne3 {[%clk 01:02:47]}
{[%emt 00:05:41]} Be6 {[%clk 00:35:01]} {[%emt 00:05:33]} 17. c4 {[%clk
00:52:22]} {[%emt 00:10:54]} Nxe3 {[%clk 00:33:25]} {[%emt 00:02:06]} 18. Qxe3
{[%clk 00:49:59]} {[%emt 00:02:51]} Bf5 {[%clk 00:25:34]} {[%emt 00:08:22]} 19.
Qc3 {[%clk 00:42:44]} {[%emt 00:07:45]} Nd8 {[%clk 00:21:00]} {[%emt 00:05:05]}
20. Rfe1 {[%emt 00:05:16]} Nf7 {[%clk 00:20:04]} {[%emt 00:00:52]} 21. Bf1
{[%clk 00:33:17]} {[%emt 00:05:44]} Nd6 {[%clk 00:19:05]} {[%emt 00:01:29]} 22.
Nh4 {[%clk 00:31:10]} {[%emt 00:02:37]} Be6 {[%clk 00:17:14]} {[%emt 00:02:22]}
23. d5 {[%clk 00:30:23]} {[%emt 00:01:18]} Bf7 {[%clk 00:17:37]} {[%emt
00:00:06]} 24. Nf3 {[%clk 00:30:11]} {[%emt 00:00:41]} c6 {[%clk 00:17:05]}
{[%emt 00:01:03]} 25. Ng5 {[%clk 00:20:34]} {[%emt 00:10:05]} cxd5 {[%clk
00:12:47]} {[%emt 00:04:50]} 26. Nxf7 {[%clk 00:20:28]} {[%emt 00:00:36]} Kxf7
{[%clk 00:10:48]} {[%emt 00:02:29]} 27. Rxd5 {[%clk 00:19:30]} {[%emt
00:01:27]} Rac8 {[%clk 00:08:48]} {[%emt 00:02:31]} 28. c5 {[%clk 00:15:53]}
{[%emt 00:04:07]} Qg4 {[%clk 00:07:41]} {[%emt 00:01:37]} 29. Qb3 {[%clk
00:15:36]} {[%emt 00:00:47]} Ne4 {[%clk 00:02:12]} {[%emt 00:05:59]} 30. Rxe4
{[%clk 00:13:15]} {[%emt 00:02:50]} Qxe4 {[%clk 00:00:35]} {[%emt 00:02:08]}
31. Re5+ {[%clk 00:13:30]} {[%emt 00:00:15]} Kg7 {[%clk 00:00:31]} {[%emt
00:00:35]} 32. Rxe4 {[%clk 00:13:55]} {[%emt 00:00:04]} Rxc5 {[%clk 00:00:50]}
{[%emt 00:00:11]} 33. h3 {[%clk 00:13:16]} {[%emt 00:01:09]} b6 {[%clk
00:00:32]} {[%emt 00:00:48]} 34. Bb5 {[%clk 00:13:15]} {[%emt 00:00:30]} 1-0

[Event "ODJM B 2025"]
[Site "Willingen GER"]
[Date "2025.06.08"]
[Round "2"]
[White "Yang, Markus"]
[Black "Hendler, Maximilian"]
[Result "1-0"]
[Termination "normal"]
[Board "41"]
[WhiteElo "1706"]
[BlackElo "1555"]
[WhiteClock "00:36:29"]
[BlackClock "00:13:18"]
[PlyCount "47"]
[WhiteFideId "16206550"]
[BlackFideId "34616500"]
[EventCountry "GER"]
[EventRounds "9"]
[EventType "swiss"]
[EventDate "2025.06.07"]

1. e4 {[%clk 01:30:57]} {[%emt 00:00:01]} c5 {[%clk 01:30:45]} {[%emt
00:00:15]} 2. c3 {[%clk 01:31:13]} {[%emt 00:00:15]} Nf6 {[%clk 01:30:46]}
{[%emt 00:00:30]} 3. e5 {[%clk 01:31:09]} {[%emt 00:00:33]} Nd5 {[%clk
01:31:08]} {[%emt 00:00:09]} 4. Nf3 {[%clk 01:30:55]} {[%emt 00:00:44]} Nc6
{[%clk 01:26:08]} {[%emt 00:05:30]} 5. Bc4 {[%clk 01:30:18]} {[%emt 00:01:05]}
Nb6 {[%clk 01:25:18]} {[%emt 00:01:21]} 6. Bb3 {[%clk 01:29:44]} {[%emt
00:01:05]} d5 {[%clk 01:22:13]} {[%emt 00:03:35]} 7. d4 {[%clk 01:27:25]}
{[%emt 00:02:49]} cxd4 {[%clk 01:17:14]} {[%emt 00:05:29]} 8. cxd4 {[%clk
01:27:33]} {[%emt 00:00:21]} Bg4 {[%clk 01:14:48]} {[%emt 00:02:57]} 9. Bg5
{[%clk 01:24:08]} {[%emt 00:03:54]} Bxf3 {[%clk 01:11:11]} {[%emt 00:04:07]}
10. gxf3 {[%clk 01:23:50]} {[%emt 00:00:48]} Nc4 {[%clk 01:10:34]} {[%emt
00:01:06]} 11. Nc3 {[%clk 01:19:32]} {[%emt 00:04:49]} Nxb2 {[%clk 01:09:37]}
{[%emt 00:01:27]} 12. Qe2 {[%clk 01:16:52]} {[%emt 00:03:10]} h6 {[%clk
00:50:26]} {[%emt 00:19:42]} 13. Be3 {[%clk 01:08:17]} {[%emt 00:09:04]} Nc4
{[%clk 00:44:45]} {[%emt 00:06:12]} 14. Bxc4 {[%clk 01:00:55]} {[%emt
00:07:52]} dxc4 {[%clk 00:44:31]} {[%emt 00:00:44]} 15. Qxc4 {[%clk 01:00:59]}
{[%emt 00:00:25]} Rc8 {[%clk 00:43:42]} {[%emt 00:01:20]} 16. Qa4 {[%clk
00:56:58]} {[%emt 00:04:31]} e6 {[%clk 00:41:45]} {[%emt 00:02:27]} 17. Rb1
{[%clk 00:54:36]} {[%emt 00:02:51]} a5 {[%clk 00:33:07]} {[%emt 00:09:09]} 18.
O-O {[%clk 00:46:19]} {[%emt 00:08:47]} Bb4 {[%clk 00:28:56]} {[%emt 00:04:42]}
19. Ne4 {[%clk 00:45:30]} {[%emt 00:01:19]} O-O {[%clk 00:28:54]} {[%emt
00:00:31]} 20. a3 {[%clk 00:44:42]} {[%emt 00:01:18]} Be7 {[%clk 00:27:59]}
{[%emt 00:01:25]} 21. Rxb7 {[%clk 00:43:54]} {[%emt 00:01:18]} Qd5 {[%clk
00:20:15]} {[%emt 00:08:15]} 22. Rc1 {[%clk 00:41:17]} {[%emt 00:03:06]} Nxd4
{[%clk 00:16:21]} {[%emt 00:04:25]} 23. Rxc8 {[%clk 00:37:33]} {[%emt
00:04:13]} Ne2+ {[%clk 00:13:18]} {[%emt 00:03:33]} 24. Kf1 {[%clk 00:36:29]}
{[%emt 00:01:34]} 1-0

[Event "ODJM B 2025"]
[Site "Willingen GER"]
[Date "2025.06.08"]
[Round "2"]
[White "Meyer, Hugo"]
[Black "Kautny, Fabian"]
[Result "1/2-1/2"]
[Termination "normal"]
[Board "42"]
[WhiteElo "1591"]
[BlackElo "1818"]
[WhiteClock "00:25:36"]
[BlackClock "01:04:42"]
[PlyCount "86"]
[WhiteFideId "533005249"]
[BlackFideId "34657193"]
[EventCountry "GER"]
[EventRounds "9"]
[EventType "swiss"]
[EventDate "2025.06.07"]

1. e4 {[%clk 01:30:56]} {[%emt 00:00:03]} e5 {[%clk 01:30:58]} {[%emt
00:00:03]} 2. f4 {[%clk 01:31:21]} {[%emt 00:00:05]} d5 {[%clk 01:31:24]}
{[%emt 00:00:03]} 3. exd5 {[%clk 01:31:44]} {[%emt 00:00:07]} exf4 {[%clk
01:31:49]} {[%emt 00:00:05]} 4. Nf3 {[%clk 01:31:47]} {[%emt 00:00:27]} Nf6
{[%clk 01:32:15]} {[%emt 00:00:05]} 5. Bc4 {[%clk 01:29:51]} {[%emt 00:02:26]}
Nxd5 {[%clk 01:32:39]} {[%emt 00:00:06]} 6. O-O {[%clk 01:29:47]} {[%emt
00:00:35]} Be6 {[%clk 01:33:05]} {[%emt 00:00:04]} 7. Bxd5 {[%clk 01:27:41]}
{[%emt 00:02:35]} Bxd5 {[%clk 01:32:40]} {[%emt 00:00:55]} 8. d4 {[%clk
01:27:07]} {[%emt 00:01:04]} Be7 {[%clk 01:31:57]} {[%emt 00:01:13]} 9. Bxf4
{[%clk 01:27:13]} {[%emt 00:00:24]} O-O {[%clk 01:32:19]} {[%emt 00:00:09]} 10.
Nc3 {[%clk 01:26:50]} {[%emt 00:00:53]} Bc4 {[%clk 01:28:45]} {[%emt 00:04:04]}
11. Re1 {[%clk 01:26:05]} {[%emt 00:01:15]} Bf6 {[%clk 01:27:40]} {[%emt
00:01:35]} 12. Ne4 {[%clk 01:22:16]} {[%emt 00:04:19]} c6 {[%clk 01:26:09]}
{[%emt 00:02:01]} 13. Nxf6+ {[%clk 01:20:13]} {[%emt 00:02:32]} Qxf6 {[%clk
01:26:23]} {[%emt 00:00:15]} 14. Be5 {[%clk 01:20:37]} {[%emt 00:00:07]} Qg6
{[%clk 01:23:09]} {[%emt 00:03:44]} 15. Bxb8 {[%clk 01:16:32]} {[%emt
00:04:36]} Raxb8 {[%clk 01:23:33]} {[%emt 00:00:06]} 16. Ne5 {[%clk 01:16:23]}
{[%emt 00:00:39]} Qe6 {[%clk 01:23:58]} {[%emt 00:00:04]} 17. Nxc4 {[%clk
01:09:56]} {[%emt 00:06:56]} Qxc4 {[%clk 01:24:22]} {[%emt 00:00:07]} 18. Qd2
{[%clk 01:07:20]} {[%emt 00:03:07]} Rfd8 {[%clk 01:21:51]} {[%emt 00:03:00]}
19. Re4 {[%clk 00:58:50]} {[%emt 00:09:00]} Re8 {[%clk 01:19:33]} {[%emt
00:02:47]} 20. Rae1 {[%clk 00:57:56]} {[%emt 00:01:23]} Rxe4 {[%clk 01:19:24]}
{[%emt 00:00:41]} 21. Rxe4 {[%clk 00:58:16]} {[%emt 00:00:10]} Qxa2 {[%clk
01:19:17]} {[%emt 00:00:37]} 22. Qe1 {[%clk 00:54:45]} {[%emt 00:04:01]} h6
{[%clk 01:18:12]} {[%emt 00:01:35]} 23. Re8+ {[%emt 00:01:12]} Rxe8 {[%clk
01:18:36]} {[%emt 00:00:04]} 24. Qxe8+ {[%clk 00:54:09]} {[%emt 00:00:25]} Kh7
{[%clk 01:19:03]} {[%emt 00:00:04]} 25. Qe4+ {[%clk 00:53:05]} {[%emt
00:01:33]} g6 {[%clk 01:19:26]} {[%emt 00:00:07]} 26. b3 {[%clk 00:47:56]}
{[%emt 00:05:40]} Qa5 {[%clk 01:19:29]} {[%emt 00:00:27]} 27. h4 {[%clk
00:44:37]} {[%emt 00:03:49]} Qd5 {[%clk 01:19:03]} {[%emt 00:00:55]} 28. Qd3
{[%clk 00:36:03]} {[%emt 00:09:03]} Kg7 {[%clk 01:16:11]} {[%emt 00:03:22]} 29.
c4 {[%clk 00:35:09]} {[%emt 00:01:24]} Qf5 {[%clk 01:16:36]} {[%emt 00:00:05]}
30. Qxf5 {[%clk 00:33:10]} {[%emt 00:02:28]} gxf5 {[%clk 01:16:55]} {[%emt
00:00:12]} 31. b4 {[%clk 00:33:16]} {[%emt 00:00:24]} b6 {[%clk 01:17:11]}
{[%emt 00:00:14]} 32. b5 {[%clk 00:33:16]} {[%emt 00:00:30]} cxb5 {[%clk
01:16:38]} {[%emt 00:01:03]} 33. cxb5 {[%clk 00:33:41]} {[%emt 00:00:04]} Kf6
{[%clk 01:16:49]} {[%emt 00:00:19]} 34. Kf2 {[%clk 00:32:59]} {[%emt 00:01:12]}
Ke6 {[%clk 01:15:50]} {[%emt 00:01:29]} 35. Ke3 {[%clk 00:31:04]} {[%emt
00:02:25]} Kd5 {[%clk 01:15:43]} {[%emt 00:00:37]} 36. Kd3 {[%clk 00:31:22]}
{[%emt 00:00:11]} h5 {[%clk 01:13:25]} {[%emt 00:02:49]} 37. Kc3 {[%clk
00:27:32]} {[%emt 00:04:20]} f4 {[%clk 01:13:50]} {[%emt 00:00:04]} 38. Kd3
{[%clk 00:27:44]} {[%emt 00:00:18]} f5 {[%clk 01:14:03]} {[%emt 00:00:17]} 39.
Kc3 {[%clk 00:27:54]} {[%emt 00:00:20]} Ke6 {[%clk 01:14:16]} {[%emt 00:00:17]}
40. Kc4 {[%clk 00:27:52]} {[%emt 00:00:32]} Kd6 {[%clk 01:14:42]} {[%emt
00:00:04]} 41. Kd3 {[%clk 00:27:40]} {[%emt 00:00:41]} Kc7 {[%clk 01:12:36]}
{[%emt 00:02:36]} 42. Kc4 {[%clk 00:25:55]} {[%emt 00:02:15]} Kd6 {[%clk
01:09:52]} {[%emt 00:03:14]} 43. Kd3 {[%clk 00:25:36]} {[%emt 00:00:48]} Ke6
{[%clk 01:04:42]} {[%emt 00:05:41]} 1/2-1/2